Typographics four : (Record no. 81237)

MARC details
000 -CABECERA
campo de control de longitud fija 00716nam a2200217 a 4500
005 - FECHA Y HORA DE LA ÚLTIMA TRANSACCIÓN
campo de control 20230829063538.0
008 - ELEMENTOS DE LONGITUD FIJA--INFORMACIÓN GENERAL
campo de control de longitud fija 010601s2000 mx r 000 0 spa d
020 ## - NÚMERO INTERNACIONAL NORMALIZADO PARA LIBROS
Número Internacional Estándar del Libro 0688179908
035 ## - NÚMERO DE CONTROL DEL SISTEMA
Número de control de sistema UPN01000107325
049 ## - COLECCIÓN
Colección CG
050 #4 - SIGNATURA TOPOGRÁFICA DE LA BIBLIOTECA DEL CONGRESO
Número de clasificación Z282
Número de documento/Ítem T9.6
245 00 - MENCIÓN DE TÍTULO
Título Typographics four :
Resto del título + 4 : analysis + imagination = communication /
Mención de responsabilidad, etc. ed. Roger Walter.
260 ## - PUBLICACIÓN, DISTRIBUCIÓN, ETC.
Lugar de publicación, distribución, etc. New York :
Nombre del editor, distribuidor, etc. HBI ;
Lugar de publicación, distribución, etc. Cincinati, Ohio :
Nombre del editor, distribuidor, etc. [distribuido] por North Light,
Fecha de publicación, distribución, etc. 2000.
300 ## - DESCRIPCIÓN FÍSICA
Extensión 203 p. :
Otras características físicas il. col.
500 ## - NOTA GENERAL
Nota general Título tipográfico en la portada : T4
650 #4 - ASIENTO SECUNDARIO DE MATERIA - TERMINO TEMATICO
Término de materia o nombre geográfico como elemento de entrada COMPOSICION TIPOGRAFICA
9 (RLIN) 9818
650 #4 - ASIENTO SECUNDARIO DE MATERIA - TERMINO TEMATICO
Término de materia o nombre geográfico como elemento de entrada IMPRENTA -
Subdivisión general TECNICA
650 #2 - ASIENTO SECUNDARIO DE MATERIA - TERMINO TEMATICO
Término de materia o nombre geográfico como elemento de entrada Comunicación audiovisual
9 (RLIN) 11452
700 1# - ASIENTO SECUNDARIO--NOMBRE DE PERSONAL
Nombre de persona Walter, Roger,
Término indicativo de función/relación ed.
905 ## - TIPO DE MATERIAL
Tipo de material Libro
Holdings
Estado de retiro Estado de pérdida Fuente del sistema de clasificación o colocación Estado dañado No para préstamo Código de colección Localización permanente Ubicación/localización actual Ubicación en estantería Total de préstamos Clasificación Código de barras Fecha visto por última vez Número de copia Tipo de ítem Koha
    Library of Congress Classification     Colección General Bib. Gregorio Torres Quintero Bib. Gregorio Torres Quintero Planta baja 2 Z282 T9.6 173575 31/12/2020 1 Libro